<?xml version="1.0" encoding="UTF-8"?>
<collection xmlns="http://www.loc.gov/MARC21/slim">
 <record>
  <leader>00879nam a22002055a 4500</leader>
  <controlfield tag="001">EEA.libagro010809</controlfield>
  <controlfield tag="005">20180912120033.0</controlfield>
  <controlfield tag="008">130809s1984####ag#a##########000#0#spa#d</controlfield>
  <datafield tag="082" ind1="0" ind2="4">
   <subfield code="a">631.8</subfield>
  </datafield>
  <datafield tag="082" ind1="0" ind2="4">
   <subfield code="a">633.11</subfield>
  </datafield>
  <datafield tag="100" ind1="1" ind2=" ">
   <subfield code="a">Loewy, Tomás.</subfield>
  </datafield>
  <datafield tag="245" ind1="1" ind2="0">
   <subfield code="a">Respuesta varietal del trigo al fertilizante nitrogenado en el sudoeste bonaerense /</subfield>
   <subfield code="c">T. Loewy, J. R. López, S. E. Garbini.</subfield>
  </datafield>
  <datafield tag="260" ind1=" " ind2=" ">
   <subfield code="a">Bordenave :</subfield>
   <subfield code="b">INTA EEA Bordenave,</subfield>
   <subfield code="c">1984.</subfield>
  </datafield>
  <datafield tag="300" ind1=" " ind2=" ">
   <subfield code="a">13 h. :</subfield>
   <subfield code="b">il. ;</subfield>
   <subfield code="c">30 cm.</subfield>
  </datafield>
  <datafield tag="490" ind1="1" ind2=" ">
   <subfield code="a">Informe técnico. INTA EEA Bordenave,</subfield>
   <subfield code="x">0326-2596 ;</subfield>
   <subfield code="v">nº 43</subfield>
  </datafield>
  <datafield tag="700" ind1="1" ind2=" ">
   <subfield code="a">López, J. R.</subfield>
  </datafield>
  <datafield tag="700" ind1="1" ind2=" ">
   <subfield code="a">Garbini, S. E.</subfield>
  </datafield>
  <datafield tag="710" ind1="2" ind2=" ">
   <subfield code="a">Instituto Nacional de Tecnología Agropecuaria (Argentina).</subfield>
   <subfield code="b">Estación Experimental Agropecuaria Bordenave.</subfield>
  </datafield>
  <datafield tag="773" ind1="0" ind2=" ">
   <subfield code="t">Fertilidad y Fertilizantes. Publicaciones del Ing. Agr. Tomás Loewy.</subfield>
   <subfield code="g">Trabajo nº 8.</subfield>
  </datafield>
  <datafield tag="859" ind1=" " ind2=" ">
   <subfield code="a">AR-BbBCA</subfield>
   <subfield code="b">BIB. AGRONOMIA</subfield>
   <subfield code="h">631.8</subfield>
   <subfield code="i">L827 8</subfield>
   <subfield code="p">1996/2584</subfield>
  </datafield>
 </record>
</collection>
